Quizzes
Events
Quiz Creation
Community
Videos
Private Events
Remove Ads
Sign In
Join for FREE
Feedback
Dark Mode
Quiz Categories
Sports
Geography
Music
Movies
Television
Just For Fun
Miscellaneous
History
Literature
Language
Science
Gaming
Entertainment
Religion
Holiday
For Kids
Quiz Lab
Recent
Popular Today
Quiz Kudos Today
Editor Picks
Curator Picks
Quizzes by...
Day
Popularity
Type
Ratings
Length
Year
Community
Subscriptions
Recent Discussions
Orange Saloon
Badges
Playlists
Quests
Create
Leaderboards
Showdown
Live 5
Trivia Bingo
Activity
Puzzle Library
Sporcle Events
Private Events
Virtual Trivia
Globe League
Become a Host
Pub Owners
SporcleCon
Opinionation
Our Games
Videos
Blog
Mobile Apps
Partnerships
Remove Ads and Go Orange
Feedback
Sports
Athletes
MLB
NBA
NHL
NFL
Soccer
Sports Teams
WWE
NCAA
Football
Premier League
Basketball
Baseball
Hockey
Golf
Tennis
Cricket
Rugby
Auto Racing
Olympics
World Cup
Sports
Athletes
MLB
NBA
NHL
NFL
Soccer
Sports Teams
WWE
NCAA
Football
Premier League
Basketball
Baseball
Hockey
Golf
Tennis
Cricket
Rugby
Auto Racing
Olympics
World Cup
Random Quiz
Search Sporcle
×
Quiz Lab
Quiz Lab
Sports
Football
Type in answers that appear in a list
Type in answers that appear in a list
Classic
Best Score? Go Orange.
Never Relegated Teams Stats
Can you name the Never Relegated Foorball Teams?
By
Brendever
7m
29 Questions
289 Plays
289 Plays
289 Plays
Comments
Comments
Give Quiz Kudos
Give Quiz Kudos
-
- Ratings
hide this ad
Replay
Link that replays current quiz
Next Quiz
Link to next quiz in quiz playlist
You Got
0%
They Got
Avg Score
50%
Avg Friend Score
Upgrade to see
Score Distribution
Jump to the score distribution portion of the page
Score
0/29
Timer
07:00
0
Plays Today
Country
Team
% Correct
Spain
Real Madrid CF
94.1%
Spain
FC Barcelona
93.4%
Scotland
Celtic FC
90.6%
Portugal
FC Porto
85.1%
Italy
FC Internazionale
83.3%
Portugal
Sporting CP
83.3%
Portugal
SL Benfica
79.2%
Argentina
Boca Juniors
76.4%
Scotland
Aberdeen FC
67%
Austria
Rapid Vienna
55.9%
Romania
Steaua Bucuresti
48.6%
Spain
Athletic Club Bilbao
47.2%
Bulgaria
CSKA Sofia
43.4%
Austria
Austria Vienna
38.5%
Mexico
Club América
37.2%
Country
Team
% Correct
Chile
Colo Colo
35.8%
Mexico
Chivas Guadalajara
33%
Romania
Dinamo Bucuresti
33%
Egypt
Al-Ahly
32.6%
Bulgaria
Levski Sofia
31.6%
Argentina
Independiente
28.1%
Colombia
Independiente Santa Fé
28.1%
Israel
Maccabi Tel-Aviv
27.8%
Uruguay
Peñarol
27.8%
Egypt
Zamalek
24.3%
Republic of Ireland
Bohemians FC
22.9%
Colombia
Millonarios
10.4%
Mexico
Necaxa
10.1%
Peru
Universitario Lima
3.8%
Quiz Playlist
Details
Report
Send in Message
Add To Playlist
Classic:
Type in answers that appear in a list
Quiz Source
Last Updated: Feb 16, 2017
Quiz Scoreboard
CHALLENGE
Sign Up to Join the Scoreboard
Show All
Scores
Hide
Comments
May contain spoilers
Recently Published
Movies - When Are They Set?
by FPL_Elf
Movies
5m
Popular People in 1961
by mucciniale
History
6m
1-10 Letter E Words III
by El_Dandy
Language
2m
More to Explore
Quiz From the Vault
Featured Blog Post
Where Did the Easter Bunny Come From?
hide this ad
You Might Also Like...
Tags
Country Quiz
Football Quiz
Never
Relegated
team
Today's Top Quizzes in Sports
Browse Sports
hide this ad
Today's Top Quizzes in Football
Browse Football
Top Contributed Quizzes in Sports
1
Les meilleurs buteurs des matchs entre le PSG et l’OM
2
FIFA Club World Cup Champions
3
Les entraîneurs de l'OM et du PSG au 21e siècle
4
2022 World Cup Stars
5
Name the Premier League winners with different clubs
6
La finale Lions - Afrique du Sud 2021
7
Criteria MLB: Left Handed Sluggers
8
Les joueurs passés par le LOSC et le RC Lens
9
Players with Multiple 50 Home Run Seasons
10
MLB Players with Two .350 Batting Average Seasons
Explore More
Trending Topics
Harry Potter
Marvel
Anime
Crossword
Kpop
Disney
NBA
Pokémon
NFL
The Office
Country
Puzzle
Song
WWE
Soccer
hide this ad
More By:
Brendever
Quiz
Plays
Rating
Category
Featured
Created
The Killers lyrics
697
5.00
Music
Jul 23, 2010
European Football Goalkeepers
433
3.75
Sports
Nov 6, 2009
Never Relegated Teams
289
4.50
Sports
Oct 1, 2009
Under Pressure lyrics
251
Music
Feb 14, 2010
Alternative Bands By Dictionary Definitions
208
4.33
Music
Jun 16, 2013
Go to Creator's Profile
Score Distribution
Quiz Creator Spotlight
Brendever
Follow
Send a Message
Quizzes Created
-
Created Quiz Play Count
-
More By This Creator
Popular Quizzes Today
1
Find the Countries of Europe - No Outlines Minefield
2
Find the US States - No Outlines Minefield
3
The Countries of the World
4
Popular People in 1961
5
1-10 Letter E Words III
6
US States
7
Find the US States
8
One Thing in Common: World Cities II
More Sports Quizzes
MLB Teams (Redux)
Published
Trending Quizzes
Risky Map Clicking: Least Populous States A-Z
Humor Books: The Subtitles
1-10 Letter F Words
1-10 Letter G Words
One Thing in Common: United Kingdom
Recently Updated
Leaping Animals
pecheneg
Reality TV Shows (A-Z)
bhenderson79
Rickey Henderson's Hall of Fame Teammates
pecheneg
Champions League XIs: Arsenal
pecheneg
Quick Pick: Celebrities in WWE's Hall of Fame
aduchscher
A-Z Keypad Blitz II
pecheneg
Multiple Oscar Actors
pecheneg
Mystery Phrase Blitz: Oscar 'Best Actors'
pecheneg
F. Scott Fitzgerald Novels
LTH
Pick 3 Villains
ddd62291
Trending Topics
Anime
Harry Potter
Kpop
Disney
NBA
Marvel
Crossword
Soccer
Song
NFL
Puzzle
WWE
The Office
Pokémon
Country
Your Account Isn't Verified!
In order to create a playlist on Sporcle, you need to verify the email address you used during registration. Go to your
Sporcle Settings
to finish the process.
Report this User
Report this user for behavior that violates our
Community Guidelines
.
Details:
Send Report
Go to the Sporcle.com Mobile Site →
Comments